Find all the parts of this watch Quiz Stats

 Plays Quiz not verified by Sporcle

Also try: Ends in 'RA'
Challenge
Share
Tweet
Score 0/20 Timer 02:00
0 Plays Today
% Correct
Brand
80%
Minute Hand
79.3%
Hour Hand
79.3%
Date
78%
Where made
71.3%
Sweep Second Hand
66%
Pearl
66%
Name of type of watch
66%
Hours
62%
Strap
60.7%
% Correct
Links
59.3%
Bezel
58.7%
Crown
58.7%
Outer bezel
54%
Second Marks
52%
Dial
51.3%
Band end piece
45.3%
Crystal
44.7%
Lug End
43.3%
Cyclops
39.3%

You're not logged in!

Compare scores with friends on all Sporcle quizzes.
OR
Log In

You Might Also Like...

Show Comments

Extras

Top Quizzes Today


Score Distribution

Your Account Isn't Verified!

In order to create a playlist on Sporcle, you need to verify the email address you used during registration. Go to your Sporcle Settings to finish the process.

Report this User

Report this user for behavior that violates our Community Guidelines.

Details: